People born each year 1826-1850 - Statistics

General Stats
  • This quiz has been taken 36 times
  • The average score is 7 of 25
Answer Stats
Picture Hint Answer % Correct
1835 Mark Twain
72%
1847 Thomas Edison
66%
1841 Edward VII
59%
1837 Grover Cleveland
59%
1831 James A. Garfield
55%
1843 William McKinley
55%
1829 Chester A. Arthur
52%
1830 Franz Joseph I
41%
1846 Buffalo Bill
38%
1850 Edward Smith
34%
1839 John D. Rockefeller
34%
1845 Alexander III
24%
1838 John Wilkes Booth
21%
1840 Claude Monet
17%
1834 Dmitri Mendeleev
17%
1833 Alfred Nobel
14%
1842 Peter Kropotkin
14%
1848 Wyatt Earp
14%
1828 Jules Verne
10%
1844 Karl Benz
10%
1832 Lewis Carroll
10%
1827 Ellen G. White
7%
1849 Ivan Pavlov
7%
1836 Joseph Chamberlain
3%
1826 Stephen Foster
3%
No matching quizzes found
Score Distribution
Percent of People with Each Score
Percentile by Number Answered
Your Score History
You have not taken this quiz